Normal view
MARC view
- صحيح البخاري - الحديث - الكتب السنه - البخاري، محمد بن اسماعيل بن ابراهيم 194-256 هجري
Entry Topical Term
001 - CONTROL NUMBER
- control field: 40397
003 - CONTROL NUMBER IDENTIFIER
- control field: JO-AjAnu
005 - DATE AND TIME OF LATEST TRANSACTION
- control field: 20230606080717.0
008 - FIXED-LENGTH DATA ELEMENTS
- fixed length control field: 230606|| aca||aabn | a|a d
040 ## - CATALOGING SOURCE
- Original cataloging agency: JO-AjAnu
- Transcribing agency: JO-AjAnu
150 ## - HEADING--TOPICAL TERM
- Topical term or geographic name entry element: صحيح البخاري - الحديث - الكتب السنه - البخاري، محمد بن اسماعيل بن ابراهيم 194-256 هجري
670 ## - SOURCE DATA FOUND
- Source citation: Work cat.: (JO-AjAnu)20708: اختيار وشرح هارون، عبد السلام محمد, author 40396, الألف المختارة من صحيح البخاري، ج2